Esportes Olímpicos - Statistics

Estatísticas Gerais
  • Esse quiz foi jogado 270 vezes
  • A pontuação média é 25 de 55
Estatísticas das Respostas
Dica Esporte % Correto
Com bola Futebol
95%
Com raquete Tênis
89%
Com bola Vôlei
89%
Com bola Basquete
87%
Na piscina Natação
84%
De combate Judô
79%
Com cavalo Hipismo de Saltos
78%
Com raquete Tênis de Mesa
76%
Ginásticas Ginástica Artística
75%
Com bola Handebol
74%
Ginásticas Ginástica Rítmica
71%
De combate Boxe
70%
Com embarcação Vela
66%
Atletismo Corrida de Velocidade
63%
Atletismo Salto com Vara
63%
Combinados Triatlo
62%
Atletismo Maratona
61%
Com raquete Badminton
60%
Com halteres Levantamento de Peso
57%
Com bola Polo Aquático
56%
Com bola Vôlei de Praia
53%
Na piscina Nado Sincronizado
51%
Atletismo Salto em Distância
47%
De combate Taekwondo
47%
Com embarcação Remo
44%
Atletismo Salto em Altura
43%
Com arma Esgrima
42%
Combinados Pentatlo Moderno
42%
Atletismo Arremesso de Peso
40%
Com arma Tiro com Arco
38%
Na piscina Saltos Ornamentais
37%
Ginásticas Ginástica de Trampolim
34%
De combate Luta Greco-romana
33%
No mar Maratona Aquática
33%
Com bola Golfe
32%
Com bicicleta Ciclismo BMX
31%
De combate Luta estilo Livre
29%
Atletismo Marcha Atlética
29%
Com arma Tiro Esportivo
29%
Atletismo Lançamento de Dardo
27%
Atletismo Lançamento de Disco
26%
Atletismo Salto Triplo
25%
Com embarcação Canoagem Slalon
24%
Atletismo Decatlo
24%
Com bola Rúgbi
20%
Com embarcação Canoagem de Velocidade
19%
Com bicicleta Ciclismo de Estrada
19%
Com bicicleta Ciclismo de Pista
19%
Atletismo Heptatlo
17%
Com bola Hóquei sobre a Grama
17%
Com cavalo Hipismo de Adestramento
16%
Atletismo Corrida de Fundo
12%
Atletismo Corrida de Meio-Fundo
10%
Com bicicleta Ciclismo Montain Bike
5%
Com cavalo Hipismo CCE
3%
Nenhum quiz correspondente encontrado
Distribuição das Pontuações
Porcentagem de Pessoas com Cada Pontuação
Percentil de Números Respondidos
Sua Pontuação Histórica
Você não jogou esse quiz